Objektívna metóda pre montáž. Objective Method for Assembly - OMA : Doktorandská dizertačná práca na získanie vedecko-akademickej hodnosti
Enregistré dans:
| Auteur principal: | |
|---|---|
| Autres auteurs: | |
| Format: | Livre |
| Langue: | slovaque |
| Publié: |
Trnava :
STU v Bratislave MTF,
2005
|
| Sujets: | |
| Tags: |
Pas de tags, Soyez le premier à ajouter un tag!
|
MARC
| LEADER | 00000nam a22000003a 4500 | ||
|---|---|---|---|
| 001 | stu116275 | ||
| 005 | 20220321181736.7 | ||
| 008 | 060419s2005----xo------------------slo-d | ||
| 040 | |a STU |b slo | ||
| 041 | 0 | |a slo | |
| 044 | |a xo | ||
| 100 | 1 | |a Václav, Štefan, |d 1976- |4 aut |u M3000 |U MTF Materiálovotechnologická fakulta |T MTF Ústav výrobných technológií |X 2778 |U M3000 |Y 83 |7 A000002778 | |
| 245 | 1 | |a Objektívna metóda pre montáž. Objective Method for Assembly - OMA : |b Doktorandská dizertačná práca na získanie vedecko-akademickej hodnosti | |
| 260 | |a Trnava : |b STU v Bratislave MTF, |c 2005 | ||
| 300 | |a 164 s |c autoreferát | ||
| 500 | |a Vedný odbor: 23-07-9 Strojárske technológie a materiály. Špecializácia: Obrábanie, Tvárnenie a Povrchová úprava | ||
| 650 | 7 | |a montáž |2 stusub | |
| 700 | 1 | |a Valentovič, Ernest, |d 1931- |4 ths |u M160 |U MTF Ústav výrobných technológií |T MTF Katedra obrábania a montáže |X 3617 |U M160 |Y M160 |7 A000003617 | |
| 996 | |b 284M072850 |c M*DzP-37 |l MMSKP |s P |a 0 |w stu116275_0001 | ||